LEADER 01468nam 2200409 a 450 001 9910691264303321 005 20010705082606.0 035 $a(CKB)5470000002344719 035 $a(OCoLC)47242959 035 9 $aocm47242959 035 $a(OCoLC)995470000002344719 035 $a(EXLCZ)995470000002344719 100 $a20010705d2001 ua 0 101 0 $aeng 135 $auran|||||| 181 $ctxt$2rdacontent 182 $cc$2rdamedia 183 $acr$2rdacarrier 200 10$aBest practices$b[electronic resource] $eDOD teaming practices not achieving potential results : report to the chairman and ranking member, Subcommittee on Readiness and Management Support, Committee on Armed Services, U.S. Senate /$fUnited States General Accounting Office 210 1$a[Washington, D.C.] :$cThe Office,$d[2001] 300 $a"April 2001." 300 $a"GAO-01-510." 300 $aPaper version available from the General Accounting Office. 300 $aTitle from title screen. 320 $aIncludes bibliographical references. 517 $aBest practices 606 $aMilitary weapons$zUnited States 606 $aWeapons systems$xProduction control 607 $aUnited States$xArmed Forces$xWeapons systems 615 0$aMilitary weapons 615 0$aWeapons systems$xProduction control. 801 0$bGPO 801 1$bGPO 906 $aBOOK 912 $a9910691264303321 996 $aBest practices$91692820 997 $aUNINA